000 00368cam a2200145ua 4500
041 _aeng
_h
082 _a364.1
_bVEN/FA
100 _aVenugopala, Rao .
245 _aFacets of crime in India /
_cVenugopalarao.
_hTextual Documents
260 _aMumbai :
_bAllied Publishers Pvt Ltd ,
_c1959.
300 _a ; .
504 _a
942 _cBK
999 _c10078
_d10078